000 00942nam a2200265Ia 4500
001 11049
003 GE_BSU
008 181216s||||||||xx |||||||||||||| ||und||
020 _a9785713313630
040 _cGE_BSU
080 _a327(470)
100 _aПопов,В.И.
245 _aСовременная дипломатия:Теория и практика.Дипломатия -наука и исскуство.
245 _bКурс лекций.
245 _cРед.Н.А.Попова.
250 _a2-е изд.доп.
260 _aМосква
260 _bмеждународны отношения.
260 _c2010.
300 _a576стр,22см.
520 _aДипломатическая академия мид России.
541 _h48л.
653 _aСовременная дипломатия:Теория и практика.Дипломатия наука и искуство.
942 _cBK
999 _c44291
_d44291